000 00478ngm a2200169 i 4500
001 C2-0303227
003 PPAK
005 20180727220331.0
008 100321s2005 xxu|||| ||||| | vleng d
040 _aPPAK
_beng
_cPPAK
_erda
245 0 0 _aHistory Of US Presidents :
_bamerican's greatest leaders
264 1 _aUnited States :
_bA2ZCDS.com,Inc. ,
_c2005
336 _2rdacontent
_atext
337 _2rdamedia
_aunmediated
338 _2rdacarrier
_avolume
942 _2ddc
_cDVD
999 _c166145
_d166145